| 000 | 01337cam a2200373 a 4500 | ||
|---|---|---|---|
| 999 |
_c34135 _d34135 |
||
| 001 | .B41194378 | ||
| 003 | BAB | ||
| 005 | 20260402111522.0 | ||
| 008 | 090120s2008 spc|||||r|||| 0|0 f cat c | ||
| 017 |
_aDL B. 47394-2008 _bBiblioteca de Catalunya |
||
| 020 | _a9788429761863 (narrativa completa) (cart.) | ||
| 020 | _a9788429761870 (o.c.) (cart.) | ||
| 020 | _a9788429761511 (vol. 1) (cart.) | ||
| 020 | _a9788429761856 (vol. 2) (cart.) | ||
| 029 | _a804197908 | ||
| 040 |
_aES-BaBC _bcat _cES-BaBC _dBAB |
||
| 080 | _a821.134.1'06-3 | ||
| 100 | 1 |
_aRodoreda, Mercè _d1908-1983 _9227958 |
|
| 245 | 1 | 0 |
_aNarrativa completa _cMercè Rodoreda ; edició a cura de Carme Arnau |
| 260 |
_aBarcelona _bEdicions 62 _c2008 |
||
| 300 |
_a2 volums (XLVI, 1176; XXXII, 957 pàgines) _c22 cm |
||
| 336 |
_atext _btxt _2rdacontent |
||
| 337 |
_asense mediació _bn _2rdamedia |
||
| 338 |
_avolum _bnc _2rdacarrier |
||
| 490 | 1 | _aBiblioteca Clàssica Catalana | |
| 500 | _aConté: 1. Novel·les ; 2. Contes i novel·les | ||
| 500 | _aCronologia | ||
| 700 | 1 |
_aArnau, Carme _d1944- _eeditor literari _9170506 |
|
| 830 | 0 |
_aBiblioteca Clàssica Catalana (Edicions 62) _9170504 |
|
| 942 |
_n- _cLIB _024 _2udc |
||